MARC

Tag First Indicator Second Indicator Subfields
LEADER 00000cam a2200000Ma 4500
001 in00002786446
006 m d
007 cr |n|
008 121120s2013 dcu ob 001 0 eng d
005 20250816213538.9
020 |a 1610912195 (electronic bk.) 
020 |a 9781610912198 (electronic bk.) 
020 |z 9781610911863 (cloth : acid-free paper) 
020 |z 1610911865 (cloth : acid-free paper) 
020 |z 9781610911870 (paper : acid-free paper) 
020 |z 1610911873 (paper : acid-free paper) 
035 |a (NhCcYBP)ebr10627185 
040 |a NhCcYBP  |c NhCcYBP  |d UtOrBLW 
043 |a d------ 
050 4 |a HD9000.6  |b .G52 2013 
070 0 |a HD9000.6  |b .G52 2013 
072 7 |a BUS  |x 070010  |2 bisacsh 
072 7 |a TEC  |x 003070  |2 bisacsh 
082 0 4 |a 338.1  |2 23 
245 0 4 |a The global farms race :  |b land grabs, agricultural investment, and the scramble for food security /  |c edited by Michael Kugelman, Susan L. Levenstein. 
264 1 |a Washington, DC :  |b Island Press,  |c [2013] 
264 4 |c ©2013 
300 |a 1 online resource. 
336 |a text  |b txt  |2 rdacontent 
337 |a computer  |b c  |2 rdamedia 
338 |a online resource  |b cr  |2 rdacarrier 
504 |a Includes bibliographical references and index. 
588 |a Description based on print version record. 
505 0 |a Introduction / Michael Kugelman -- Are We Learning from History? / Derek Byerlee -- Overview / David Hallam -- Social and Economic Implications / Alexandra Spieldoch and Sophia Murphy -- Environmental Impacts / Laura A. German, Wouter M.J. Achten, and Manuel R. Guariguata -- Investors' Perspectives / Gary R. Blumenthal -- Improving Outcomes / Ruth Meinzen-Dick and Helen Markelova -- Regional Perspectives: Africa / Chido Makunike -- Regional Perspectives: Asia / Raul Q. Montemayor -- Regional Perspectives: Latin America / Bastiaan P. Reydon and Vitor B. Fernandes -- Regional Perspectives: Central and Eastern Europe and the Former Soviet Union / Carl Atkin -- Recommendations and Conclusion / Michael Kugelman -- Appendices. 
500 |a Electronic resource. 
650 0 |a Farms  |x Foreign ownership. 
650 0 |a Farms  |z Developing countries  |x Foreign ownership. 
650 0 |a Agricultural industries  |x Foreign ownership. 
650 0 |a Agricultural industries  |z Developing countries  |x Foreign ownership. 
650 0 |a Investments, Foreign  |z Developing countries. 
650 0 |a Agriculture  |x Capital investments. 
650 0 |a Food security  |x Political aspects. 
650 0 |a Food security  |x Environmental aspects. 
650 0 |a Food security  |x Social aspects. 
655 7 |a Electronic books.  |2 local 
700 1 |a Kugelman, Michael. 
700 1 |a Levenstein, Susan L.,  |d 1975- 
710 2 |a ebrary, Inc. 
776 1 8 |c Original  |z 9781610911863  |z 1610911865  |z 9781610911870  |z 1610911873  |w (DLC) 2012011492 
856 4 0 |u https://ebookcentral.proquest.com/lib/tamucs/detail.action?docID=3317610  |y Connect to the full text of this electronic book  |t 0 
955 |a YBP purchased DDA e-records 
980 |b 50.00  |g 1 
999 f f |s 6e3be9f6-3a89-3f23-952a-1a16dd12a90a  |i ec381c6b-eba8-3c50-b339-e4f65d781522  |t 0 
999 |a MARS 
952 f f |a Texas A&M University  |b College Station  |c Electronic Resources  |d Available Online  |t 0  |e HD9000.6 .G52 2013  |h Library of Congress classification 
998 f f |a HD9000.6 .G52 2013  |t 0  |l Available Online